El cuerpo (Registro nro. 6637)

Detalles MARC
000 -CABECERA
Longitud fija campo de control 00708nam a2200217 a 4500
003 - • IDENTIFICADOR DELl NÚMERO DE CONTROL
Identificador del número de control CO-ViMGA
008 - • CÓDIGOS DE INFORMACIÓN DE LONGITUD FIJA
Códigos de información de longitud fija 141112s2004 ck r 000 u spa d
020 ## - • NÚMERO INTERNACIONAL NORMALIZADO PARA LIBROS
Número Internacional Normalizado para Libros (ISBN) 8424607724
040 ## - FUENTE DE LA CATALOGACIÓN
Centro catalogador de origen CO-ViMGA
Lengua de catalogación spa
Centro transcriptor CO-ViMGA
082 04 - • NÚMERO DE LA CLASIFICACIÓN DECIMAL DEWEY
Número de clasificación (R) I 611 P677
100 1# - • PUNTO DE ACCESO PRINCIPAL-NOMBRE DE PERSONA
Nombre de persona Portell, Joan; Aránega, Susanna
245 10 - • TITULO PROPIAMENTE DICHO
Título El cuerpo
300 ## - • DESCRIPCIÓN FÍSICA
Extensión 31
490 ## - • MENCIÓN DE SERIE
Mención de serie Descubrimos; 1
590 ## - NOTAS LOCALES
Nota local Forma de adquisición : Donación fact. 8851 - - Precio : 28000 - - Proveedor : Fundación exito - - Fecha de adquisición : Junio 2007
650 14 - • PUNTO DE ACCESO ADICIONAL DE MATERIA - TÉRMINO DE MATERIA
Término de materia o nombre geográfico como elemento inicial ANATOMIA - ENSEÑANZA ELEMENTAL
650 14 - • PUNTO DE ACCESO ADICIONAL DE MATERIA - TÉRMINO DE MATERIA
Término de materia o nombre geográfico como elemento inicial CUERPO HUMANO - ENSEÑANZA ESCOLAR
942 ## - ENTRADA DE ELEMENTOS AGREGADOS (KOHA)
Fuente de clasificaión o esquema Dewey Decimal Classification
Koha [por defecto] tipo de item LIbro
Existencias
Perdido Fuente de clasificación o esquema Estado Físico No para préstamo Forma de adquisición Localización permanente Localización actual Localización en estanterías Fecha adquisición Préstamos totales Signatura completa Código de barras Fecha última consulta Número de copia Fecha del precio de reemplazo Tipo de item de Koha Serie de enumeración / cronolog&íacute;a
  Dewey Decimal Classification     Infantil Biblioteca Pública Cubarral Biblioteca Pública Cubarral Sala Infantil 07/04/2023   611 P67c CUB00093 07/04/2023 Ej.1 07/04/2023 LIbro  
  Dewey Decimal Classification     Infantil Biblioteca Pública Puerto Lleras Biblioteca Pública Puerto Lleras Sala Infantil 12/28/2023   611 P67c PLL01044 12/28/2023 Ej.1 12/28/2023 Libro Infantil  
  Dewey Decimal Classification     Sala Infantil Segundo Piso Biblioteca Pública Germán Arciniegas - Villavicencio Biblioteca Pública Germán Arciniegas - Villavicencio   12/04/2015   I 611 P677 21519 12/04/2015 Ej. 1 12/04/2015 LIbro Volumen. 1 | 11/jun/2009
  Dewey Decimal Classification     Infantil Biblioteca Pública Guamal Biblioteca Pública Guamal Sala Infantil 03/01/2023   611 P67c GUA001864 03/01/2023 Ej.1 03/01/2023 Libro Infantil  
  Dewey Decimal Classification     Colección General Biblioteca Pública La Macarena Biblioteca Pública La Macarena General 07/15/2023   611 P67c LM00247 07/15/2023 Ej.1 07/15/2023 LIbro  
  Dewey Decimal Classification     Infantil Biblioteca Pública San Juanito - Ernesto Maria Peña Romero Biblioteca Pública San Juanito - Ernesto Maria Peña Romero Sala Infantil 01/15/2025   611 P677 SJU01157 01/15/2025 Ej.1 01/15/2025 LIbro  









Instituto Departamental de Cultura del Meta - Red Departamental de Bibliotecas Públicas del Meta.